Statistics for Family Guy Characters

Click here to take the quiz!

General Stats

  • This quiz has been taken 38,504 times
  • The average score is 18 of 28

Answer Stats

Clue Character % Correct
Griffin familyPeter
99%
Griffin familyMeg
98%
Griffin familyStewie
97%
Griffin familyBrian
97%
Griffin familyLois
95%
Neighbor / sex addictQuagmire
94%
Griffin familyChris
93%
Former neighbor who had
his own show
Cleveland
91%
Neighbor / copJoe
88%
MayorAdam West
78%
Animal that lives in the closetEvil monkey
75%
Wife of ^Bonnie
72%
Asian reporterTricia Takanawa
70%
Jewish pharmacy ownerMort
67%
News anchorTom Tucker
66%
Ex-wife of ^Loretta
62%
Wealthy father-in-lawCarter Pewterschmidt
58%
Neighborhood pedophileHerbert
55%
WeathermanOllie Williams
48%
MaidConsuela
46%
News anchor #2 (until season 9)Diane Simmons
43%
Toy company bossMr. Weed
40%
Son of ^Neil
39%
Most popular girl in schoolConnie D'Amico
33%
Sailor with peglegs and peg armsSeamus
31%
Mentally-challenged brewery workerOpie
30%
Brewery bossAngela
29%
Flamboyant dog cousinJasper
24%

Score Distribution

Percentile by Number Answered

Percent of People with Each Score

Your Score History

You have not taken this quiz